000 00351nam a22001457a 4500
008 250716b |||||||| |||| 00| 0 eng d
020 _a9781408045244
050 _aHD30.17
_b.C65
100 _aCOLE Gerald A
245 _aManagement Theory and Practice
250 _a7
260 _aSingapore
_bBook Power
_c2004
300 _axiv, 603p.
942 _cBK
999 _c4351
_d4351